Los estados depresivos (Registro nro. 5415)

Detalles MARC
000 -LEADER
campo de control de longitud fija 00738nam a2200229 i 4500
001 - NÚMERO DE CONTROL
campo de control 5415
003 - IDENTIFICADOR DE NÚMERO DE CONTROL
campo de control ES-MaACL
005 - FECHA Y HORA DE LA ÚLTIMA TRANSACCIÓN
campo de control 20230906144555.0
007 - CAMPO FIJO DE DESCRIPCIÓN FÍSICA--INFORMACIÓN GENERAL
campo de control de longitud fija t|
008 - DATOS DE LONGITUD FIJA--INFORMACIÓN GENERAL
campo de control de longitud fija 880614s1983 sp |||| | spa d
080 ## - NÚMERO DE LA CLASIFICACIÓN DECIMAL UNIVERSAL
Número de la Clasificación Decimal Universal 616.89-008.454(04)
245 04 - MENCIÓN DEL TÍTULO
Título Los estados depresivos
Resto del título : ciclo de enseñanza internacional /
Mención de responsabilidad, etc. dirigido por Henri Loo.
260 ## - PUBLICACIÓN, DISTRIBUCIÓN, ETC.
Lugar de publicación, distribución, etc. [Madrid :
Nombre del editor, distribuidor, etc. Productos Roche,
Fecha de publicación, distribución, etc. 1983]
300 ## - DESCRIPCIÓN FÍSICA
Extensión 102 p. ;
Dimensiones 24 cm.
490 1# - MENCIÓN DE SERIE
Mención de serie Cuadernos de información para el médico general
650 14 - PUNTO DE ACCESO ADICIONAL DE MATERIA--TÉRMINO DE MATERIA
Término de materia o nombre geográfico como elemento de entrada Depresión mental.
9 (RLIN) 11597
700 1# - ENTRADA AGREGADA--NOMBRE PERSONAL
Nombre de persona Lôo, Henri.
9 (RLIN) 144751
710 2# - ENTRADA AGREGADA--NOMBRE DE ENTIDAD CORPORATIVA
Nombre de entidad corporativa o nombre de jurisdicción como elemento de entrada Productos Roche.
9 (RLIN) 6261
830 0# - PUNTO DE ACCESO ADICIONAL DE SERIE-TÍTULO UNIFORME
Título uniforme Cuadernos de información para el médico general
9 (RLIN) 227688
852 ## - LOCALIZACIÓN
Ubicación ES-MaACL
Número de control de estantería L-12115
Existencias
Estatus retirado Estado de pérdida Estado de daño No para préstamo Biblioteca de origen Biblioteca actual Ubicación en estantería Fecha de adquisición Fuente de adquisición Total de préstamos Signatura topográfica completa Código de barras Visto por última vez Precio de reemplazo Tipo de ítem Koha
        Biblioteca del Ateneo de Madrid Biblioteca del Ateneo de Madrid Depósito 2 17/01/2008     L-12115 1005482 23/02/2023 23/02/2023 Libro impreso